The giraffe and the Pelly and me. (Record no. 110651)
[ view plain ]
| 000 -LEADER | |
|---|---|
| fixed length control field | 00373nam a2200157 a 4500 |
| 001 - CONTROL NUMBER | |
| control field | 4144 |
| 003 - CONTROL NUMBER IDENTIFIER | |
| control field | mo |
| 005 - DATE AND TIME OF LATEST TRANSACTION | |
| control field | 20170314094812.0 |
| 008 - FIXED-LENGTH DATA ELEMENTS--GENERAL INFORMATION | |
| fixed length control field | 090317s19uu xx 00 eng d |
| 050 ## - LIBRARY OF CONGRESS CALL NUMBER | |
| Classification number | TR |
| Item number | D11 1983 |
| 100 ## - MAIN ENTRY--PERSONAL NAME | |
| Personal name | Dahl, Roald |
| 245 ## - TITLE STATEMENT | |
| Title | The giraffe and the Pelly and me. |
| 260 ## - PUBLICATION, DISTRIBUTION, ETC. (IMPRINT) | |
| Place of publication, distribution, etc | New York : |
| Name of publisher, distributor, etc | Scholastic , |
| Date of publication, distribution, etc | 1985. |
| 942 ## - ADDED ENTRY ELEMENTS (KOHA) | |
| Source of classification or shelving scheme | Dewey Decimal Classification |
| Koha item type | Books |
| Withdrawn status | Lost status | Damaged status | Home library | Current library | Shelving location | Date acquired | Total Checkouts | Full call number | Barcode | Date last seen | Price effective from | Koha item type |
|---|---|---|---|---|---|---|---|---|---|---|---|---|
| Munich Library | Munich Library | Fiction Section | 09/18/2010 | FIC D11 1983 | M1112 | 04/14/2014 | 04/14/2014 | Books |